Oil wastewater coagulation with industrial waste iron coagulant

The study presents the results obtained during the coagulation of water with high content of oil compounds assessment as total petroleum hydrocarbon (TPH). Coagulation was carried out with a complex coagulation agent based on iron salts obtained from industrial waste. The control parameters of coagu...

Teljes leírás

Elmentve itt :
Bibliográfiai részletek
Szerzők: Masu Smaranda
Andres Ladislau
Testületi szerző: International Symposium on Analytical and Environmental Problems (21.) (2015) (Szeged)
Dokumentumtípus: Könyv része
Megjelent: 2015
Sorozat:Proceedings of the International Symposium on Analytical and Environmental Problems 21
Kulcsszavak:Szennyvíz, Koaguláció
Online Access:http://acta.bibl.u-szeged.hu/55987
LEADER 01796naa a2200217 i 4500
001 acta55987
005 20260224081030.0
008 181206s2015 hu o 100 eng d
020 |a 978-963-306-411-5 
040 |a SZTE Egyetemi Kiadványok Repozitórium  |b hun 
041 |a eng 
100 1 |a Masu Smaranda 
245 1 0 |a Oil wastewater coagulation with industrial waste iron coagulant  |h [elektronikus dokumentum] /  |c  Masu Smaranda 
260 |c 2015 
300 |a 301-305 
490 0 |a Proceedings of the International Symposium on Analytical and Environmental Problems  |v 21 
520 3 |a The study presents the results obtained during the coagulation of water with high content of oil compounds assessment as total petroleum hydrocarbon (TPH). Coagulation was carried out with a complex coagulation agent based on iron salts obtained from industrial waste. The control parameters of coagulation: turbidity, organic carbon (TOC), TPH, chemical oxygen demand (COD) in treated water samples with the optimal dose of coagulation agent based on iron salts obtained from industrial waste are similar to the residual values of the parameters determined in samples treated with the optimal dose of ferric chloride. The results obtained for the coagulation of oil wastewaters with optimal doses with different coagulation agents are supported also by the UV spectra. The advantage of the complex coagulation agent obtained from industrial waste was that it can be used for some wastewater in lower doses, by 25%, vs. ferric chloride. 
695 |a Szennyvíz, Koaguláció 
700 0 1 |a Andres Ladislau  |e aut 
710 |a International Symposium on Analytical and Environmental Problems (21.) (2015) (Szeged) 
856 4 0 |u http://acta.bibl.u-szeged.hu/55987/1/proceedings_of_isaep_2015_301-305.pdf  |z Dokumentum-elérés